000 nam a22 4500
999 _c232911
_d232911
003 Nust
005 20170224154302.0
008 170224b xxu||||| |||| 00| 0 eng d
040 _cDLC
082 _a297.4 ARM
245 _aSufi Terminology (Al - Qamus Al - Sufi) : The Mystical Language of Islam/
_cAmatullah Armstrong
260 _aLahore :
_bFerozsons,
300 _axiii, 277p. :
_c25 cm
942 _2ddc
_cBK